|
|
|
|
| LEADER |
00601cam a2200181 7i4500 |
| 001 |
0000009608 |
| 005 |
20171116090000.0 |
| 020 |
|
|
|a 9780764563706 (pbk.)
|
| 020 |
|
|
|a 076456370X (pbk.)
|
| 090 |
0 |
0 |
|a QA152.2
|b .B63 2001
|
| 100 |
1 |
|
|a Bobrow, Jerry
|
| 245 |
0 |
0 |
|a Cliffsquickreview algebra I
|c Jerry Bobrow.
|
| 260 |
|
|
|a New York:
|b Wiley,
|c 2001.
|
| 300 |
|
|
|a vi, 170 p.:
|b ill.;
|c 22 cm.
|
| 504 |
|
|
|a Includes bibliographical references and index
|
| 650 |
0 |
0 |
|a Algebra
|
| 997 |
|
|
|a Engineering & Life Sciences, Faculty
|b Engineering, Department
|
| 999 |
|
|
|a 0000015971
|b BOK
|c OPEN SHELF
|e 2nd Floor, Bestari Jaya
|